000 00540nam a22001697a 4500
005 20251108173707.0
008 250721s2006 xx 000 0 ara d
082 1 4 _a415/عقي
100 1 _aسلطاني، محمد علي
245 1 0 _aتيسير و تكميل شرح ابن عقيل على ألفية ابن مالك /
264 1 _aدمشق :
_bدار العصماء،
_c2006.
300 _aج.2,3,4
650 1 7 _aاللغه العربيه
650 1 7 _aقواعد اللغه العربيه
942 _2ddc
_cBK
999 _c110128
_d110128